Loading...
| Social Science | 0 | 6 | 1 | 2 | 55 | 122 | 136.50 | 4 | 6 | 0.00 | 0.00 |
| Fine Arts - Other | 0 | 6 | 1 | 1 | 55 | 101 | 123.83 | 3 | 6 | 0.00 | 0.00 |
| Literature - Long Fiction | 1 | 4 | 1 | 1 | 50 | 62 | 107.20 | 3 | 5 | 0.00 | 0.00 |
| Religion | 1 | 3 | 0 | 1 | 45 | 80 | 107.25 | 2 | 4 | 0.00 | 0.00 |
| History - World | 2 | 2 | 1 | 1 | 45 | 19 | 62.75 | 4 | 4 | 0.00 | 0.00 |
| Literature - Drama | 1 | 2 | 0 | 1 | 35 | 20 | 87.33 | 2 | 3 | 0.00 | 0.00 |
| Short Fiction and Other | 1 | 2 | 0 | 1 | 35 | 49 | 111.00 | 2 | 3 | 0.00 | 0.00 |
| Literature - Poetry | 1 | 2 | 1 | 1 | 30 | 75 | 115.00 | 2 | 3 | 0.00 | 0.00 |
| Other Academic | 1 | 2 | 1 | 0 | 30 | 86 | 114.00 | 2 | 3 | 0.00 | 0.00 |
| Philosophy | 1 | 1 | 1 | 0 | 20 | 73 | 98.00 | 2 | 2 | 0.00 | 0.00 |
| Fine Arts - Classical Music | 1 | 0 | 0 | 0 | 15 | 41 | 41.00 | 1 | 1 | 0.00 | 0.00 |
| Fine Arts - Painting and Sculpture | 0 | 2 | 2 | 0 | 10 | 96 | 120.50 | 1 | 2 | 0.00 | 0.00 |
| History - European | 0 | 1 | 0 | 1 | 10 | 133 | 133.00 | 0 | 1 | 0.00 | 0.00 |
| Literature - Misc | 0 | 1 | 0 | 0 | 10 | 106 | 106.00 | 0 | 1 | 0.00 | 0.00 |
| Science - Physics | 0 | 1 | 0 | 0 | 10 | 82 | 82.00 | 1 | 1 | 0.00 | 0.00 |
| History - Other | 1 | 0 | 2 | 0 | 5 | 71 | 71.00 | 0 | 1 | 0.00 | 0.00 |
| History - American | 0 | 1 | 1 | 0 | 5 | 75 | 75.00 | 1 | 1 | 0.00 | 0.00 |
| History - Ancient | 0 | 0 | 1 | 0 | -5 | 0.00 | 0 | 0 | 0.00 | 0.00 | |
| Science - Biology | 0 | 0 | 1 | 0 | -5 | 0.00 | 0 | 0 | 0.00 | 0.00 | |
| Geography | 0 | 0 | 1 | 0 | -5 | 0.00 | 0 | 0 | 0.00 | 0.00 | |
| Mythology | 0 | 0 | 3 | 0 | -15 | 0.00 | 0 | 0 | 0.00 | 0.00 |